Skład reprezentacji Niemiec! - Statystyki

Ogólne statystyki
  • Ten quiz został rozwiązany 84 razy
  • Średni wynik to 6 z 22
Statystyki odpowiedzi
Pozycja Zawodnik % Poprawnych
Bramkarz Neuer
100%
Napastnik Werner
56%
Napastnik Gnabry
48%
Napastnik Sane
47%
Pomocnik Goretzka
44%
Obrońca Sule
44%
Bramkarz Trapp
42%
Bramkarz Leno
40%
Pomocnik Kroos
30%
Pomocnik Gundogan
22%
Obrońca Tah
22%
Pomocnik Brandt
16%
Obrońca Ginter
16%
Obrońca Henrichs
5%
Pomocnik Neuhaus
5%
Obrońca Koch
4%
Obrońca Max
4%
Obrońca Stark
4%
Pomocnik Dahoud
1%
Napastnik Waldschmidt
1%
Pomocnik Amiri
0%
Obrońca Udokhai
0%
Nie znaleziono quizów pasujących do podanych kryteriów
Rozkład punktacji
Procent ludzi z każdym wynikiem
Percentyl według liczby udzielonych odpowiedzi
Twoja historia wyników
Nie rozwiązałeś tego quizu